<?xml version="1.0" encoding="UTF-8"?>
<marc:record xmlns:marc="http://www.loc.gov/MARC21/slim">
   <marc:leader>00000nam a2200000 a 4500</marc:leader>
   <marc:datafield ind1="1" ind2=" " tag="100">
      <marc:subfield code="a">Heger, Hedwig</marc:subfield>
      <marc:subfield code="4">ctb</marc:subfield>
      <marc:subfield code="e">Mitwirkende/-r</marc:subfield>
   </marc:datafield>
   <marc:datafield ind1="1" ind2=" " tag="100">
      <marc:subfield code="a">Thielmann, Axel</marc:subfield>
      <marc:subfield code="4">ctb</marc:subfield>
      <marc:subfield code="e">Mitwirkende/-r</marc:subfield>
   </marc:datafield>
   <marc:datafield ind1="1" ind2=" " tag="100">
      <marc:subfield code="a">Reich, Thorsten</marc:subfield>
      <marc:subfield code="4">ctb</marc:subfield>
      <marc:subfield code="e">Mitwirkende/-r</marc:subfield>
   </marc:datafield>
   <marc:datafield ind1=" " ind2=" " tag="653">
      <marc:subfield code="a">Wien</marc:subfield>
   </marc:datafield>
   <marc:datafield ind1=" " ind2=" " tag="653">
      <marc:subfield code="a">Literatur</marc:subfield>
   </marc:datafield>
   <marc:datafield ind1=" " ind2=" " tag="653">
      <marc:subfield code="a">Literarische Stätte</marc:subfield>
   </marc:datafield>
   <marc:datafield ind1=" " ind2=" " tag="653">
      <marc:subfield code="a">CD</marc:subfield>
   </marc:datafield>
   <marc:datafield ind1=" " ind2=" " tag="653">
      <marc:subfield code="a">Quelle</marc:subfield>
   </marc:datafield>
   <marc:datafield ind1=" " ind2=" " tag="653">
      <marc:subfield code="a">Führer</marc:subfield>
   </marc:datafield>
   <marc:datafield ind1="0" ind2="0" tag="245">
      <marc:subfield code="a">Wien</marc:subfield>
   </marc:datafield>
   <marc:datafield ind1="0" ind2="0" tag="245">
      <marc:subfield code="b">eine literarische Entdeckungsreise</marc:subfield>
   </marc:datafield>
   <marc:datafield ind1="0" ind2="0" tag="245">
      <marc:subfield code="c">Hedwig Heger. Sprecher: Axel Thielmann. Regie: Thorsten Reich</marc:subfield>
   </marc:datafield>
   <marc:datafield ind1=" " ind2="1" tag="264">
      <marc:subfield code="a">Darmstadt</marc:subfield>
      <marc:subfield code="b">Auditorium Maximum</marc:subfield>
      <marc:subfield code="c">2011</marc:subfield>
   </marc:datafield>
   <marc:datafield ind1="1" ind2=" " tag="520">
      <marc:subfield code="a">Angaben aus der Verlagsmeldung

Wien : Eine literarische Entdeckungsreise / von Hedwig Heger

Hedwig Heger nimmt den Hörer mit auf eine literarische Entdeckungsreise durch ihre Heimatstadt Wien. Von der Inneren Stadt, dem historischen Zentrum, führt der Spaziergang über den Kranz der ehemaligen Vorstädte hinaus in die Außenbezirke. Kaum eine Sehenswürdigkeit entlang des Wegs, die keinen Dichterblick auf sich gezogen hätte, kaum ein verstecktes Gässchen, das nicht besungen worden wäre.
Aus einer schier unerschöpflichen Fülle von Texten wählt Hedwig Heger fast schon vergessene und wohlbekannte aus, von echten Wienern, Wahlwienern, Dauergästen und Durchreisenden. Die literarischen Stadtansichten umspannen rund acht Jahrhunderte, von Walther von der Vogelweide bis Ernst Jandl. Zusammen mit den ebenso informativen wie unterhaltsamen Erläuterungen der Herausgeberin ergeben sie ein facettenreiches Panorama der Stadt und ihrer Menschen.
</marc:subfield>
   </marc:datafield>
   <marc:datafield ind1=" " ind2=" " tag="020">
      <marc:subfield code="a">9783654601304</marc:subfield>
      <marc:subfield code="9">9783654601304</marc:subfield>
   </marc:datafield>
   <marc:datafield ind1=" " ind2=" " tag="041">
      <marc:subfield code="a">ger</marc:subfield>
   </marc:datafield>
   <marc:datafield ind1=" " ind2=" " tag="300">
      <marc:subfield code="a">1 CD (77 Min.)</marc:subfield>
   </marc:datafield>
</marc:record>
